000
00257nam a2200109Ia 4500
008
190216s9999||||xx |||||||||||||| ||und||
100
_a
S L Puram
245
0
_a
Aval Oru Pennanu
260
_b
Nbs Kottayam
650
_a
Malayalam Novel-Malayalam
942
_c
BK
999
_c
24860
_d
24860